Géographie du sport : Spatialités contemporaines et mondialisation (notice n° 1566612)

détails MARC
000 -LEADER
fixed length control field 00779cam a2200133 4500500
005 - DATE AND TIME OF LATEST TRANSACTION
control field 20251214001957.0
041 ## - LANGUAGE CODE
Language code of text/sound track or separate title fre
042 ## - AUTHENTICATION CODE
Authentication code dc
100 10 - MAIN ENTRY--PERSONAL NAME
Personal name Augustin, Jean-Pierre
Relator term author
245 00 - TITLE STATEMENT
Title Géographie du sport : Spatialités contemporaines et mondialisation
260 ## - PUBLICATION, DISTRIBUTION, ETC.
Name of publisher, distributor, etc. Armand Colin,<br/>
Date of publication, distribution, etc. 2007.<br/>
520 ## - SUMMARY, ETC.
Summary, etc. 1. Origine et développement spatial du fait sportif. 2. Diffusion, localisation et emblématique sportive. 3. Villes, régions urbaines et localisations sportives. 4. Démographie et acteur de la société sportive. La constitution des lieux sportifs. Sport et aménagement de l’espace. Compétitions internationales et grans sites sportifs
856 41 - ELECTRONIC LOCATION AND ACCESS
Uniform Resource Identifier <a href="https://shs.cairn.info/geographie-du-sport--9782200346737?lang=fr&redirect-ssocas=7080">https://shs.cairn.info/geographie-du-sport--9782200346737?lang=fr&redirect-ssocas=7080</a>

Pas d'exemplaire disponible.

PLUDOC

PLUDOC est la plateforme unique et centralisée de gestion des bibliothèques physiques et numériques de Guinée administré par le CEDUST. Elle est la plus grande base de données de ressources documentaires pour les Étudiants, Enseignants chercheurs et Chercheurs de Guinée.

Adresse

627 919 101/664 919 101

25 boulevard du commerce
Kaloum, Conakry, Guinée

Réseaux sociaux

Powered by Netsen Group @ 2025